000 00432cam a22001814a 4500
005 20250605164216.0
008 250528s ||||||||||||||||||||||||d
035 _a20459
020 _a68514
040 _aGR-AtMCL
_bgre
_dGR-AtMCL
_eAACR2
245 1 _aThe Tragedy of King Lear
260 _bAppleton Century Crofts,
_c1949
300 _a116
700 1 _aBald R.C.
_96445
942 _cBK
999 _c5563
_d5563